Caminando restaurativamente Pasos para diseąr proyectos transformadores alrededor de la justicia penal /

Detalles Bibliográficos
Autor principal: Igartua, Idoia
Otros Autores: Olalde, Alberto, Varona, Gema
Formato: eBook
Lenguaje:español
Publicado: Madrid: Dykinson, 2020
Materias:
Acceso en línea:Acceso restringido

MARC

LEADER 00000nam a22000007a 4500
005 20201118221955.0
007 cr|||| ||||
008 201118s2020 es |||||s|||| 00||0 spa d
020 |a 978-84-1324-826-4 
035 |a 32160 
040 |a vLex 
090 |c 10897  |d 10897 
100 1 |a Igartua, Idoia 
245 1 0 |a Caminando restaurativamente  |h [Recurso electrn̤ico] :  |b Pasos para diseąr proyectos transformadores alrededor de la justicia penal /  |c Idoia Igartua, Alberto Olalde, Gema Varona 
256 |a Servicio en ln̕ea 
260 |a Madrid:  |b Dykinson,  |c 2020 
300 |a 1 recurso electrn̤ico 
506 1 |a Disponible solo en los productos indicados  |d vLex Global  |d vLex Global (Academic Edition, excluding Law Schools)  |d vLex Global (U.S. Academic Edition, Law Schools)  |d vLex Global (U.S. Academic Edition, excluding Law Schools)  |d vLex Global (Academic Edition, Law Schools) 
650 0 4 |a Derecho Penal  |z Espaą 
700 1 |a Olalde, Alberto 
700 1 |a Varona, Gema 
740 0 |a vLex Libros (Servicio en ln̕ea) 
856 4 0 |u http://vlex.com/source/caminando-restaurativamente-pasos-dise-ar-proyectos-transformadores-alrededor-justicia-penal-32160  |z Acceso restringido 
942 |c BOOK 
999 0 |a Criminal law